000 01332namaa22003251i 4500
003 EG-GICUC
005 20260513110810.0
008 260513s2000 ua ||||jr|||| 000 0 ara d
017 _a2000 / 2197
_bدار الكتب و الوثائق القومية(مصر)
020 _a9775046688
040 _aEG-GiCUC
_bara
_cEG-GiCUC
_dEG-GiCUC
_erda
082 0 4 _221
_a415.1
_bW3198
092 0 4 _221
_a415.1
_bW3198
099 _a415.1 W3198
100 1 _aالواسطى، القاسم بن محمد
_eمؤلف.
245 1 0 _aشرح اللمع فى النحو /
_cتأليف القاسم بن محمد بن مباشر الواسطى الضرير ؛ تحقيق رجب عثمان محمد ؛ تصدير رمضان عبد التواب.
250 _aالطبعة الاولى.
264 _aالقاهرة :
_bمكتبة الخانجى،
_c2000.
300 _a317 صفحة
_b؛
_c24 سم.
336 _2rdacontent
_atext
337 _2rdamedia
_aUnmediated
338 _2rdacarrier
_avolume
504 _aيشتمل على ارجاعات ببلوجرافية وكشافات.
541 _aد . جابر عصفور ؛
_bالقاهرة ؛
_cإهداء ؛
_d2024.
650 1 7 _aاللغة العربية
_xالنحو
_2qrmak
651 1 _2qrmak
700 1 _aمحمد، رجب عثمان.
905 _aNoha
942 _2ddc
_cBK
_e21
_n0
999 _c180119
_d180119